书目信息 |
| 题名: |
沙拉厨房
|
|
| 作者: | ;张洋 译 ;日本柴田书店 编 | |
| 分册: | ||
| 出版信息: | 北京 中国轻工业出版社 2019 |
|
| 页数: | 191页 | |
| 开本: | 26cm | |
| 丛书名: | ||
| 单 册: | ||
| 中图分类: | TS972.118 , TS972.112 | |
| 科图分类: | ||
| 主题词: | 沙拉--菜谱 , 调味汁--配制 | |
| 电子资源: | ||
| ISBN: | 978-7-5184-2324-8 | |
| 000 | 00971nam0 2200265 450 | |
| 001 | 2360681336 | |
| 005 | 20230924165143.75 | |
| 010 | @a978-7-5184-2324-8@dCNY78.00 | |
| 100 | @a20190406d2019 em y0chiy50 ea | |
| 101 | 1 | @achi@cjpn |
| 102 | @aCN@b110000 | |
| 105 | @aa z 000yy | |
| 200 | 1 | @a沙拉厨房@Asha la chu fang@e166道沙拉和109种调味汁@f日本柴田书店编@g张洋译 |
| 210 | @a北京@c中国轻工业出版社@d2019 | |
| 215 | @a191页@c彩图,彩照@d26cm | |
| 330 | @a本书介绍的沙拉,分为冷沙拉(适合常温或是冷藏后食用)和温沙拉(适合加热食用)两部分,每一部分又按照叶类蔬菜、果实类蔬菜、根茎类蔬菜、肉类以及海鲜等食材分类。 | |
| 517 | 1 | @a166道沙拉和109种调味汁@A166 dao sha la he 109 zhong tiao wei zhi |
| 606 | 0 | @a沙拉@x菜谱 |
| 606 | 0 | @a调味汁@x配制 |
| 690 | @aTS972.118@v5 | |
| 690 | @aTS972.112@v5 | |
| 702 | 0 | @a张洋@Azhang yang@4译 |
| 711 | 02 | @a日本柴田书店@Ari ben chai tian shu dian@4编 |
| 801 | 0 | @aCN@b安徽时代@c20230923 |
| 905 | @aBZT@dTS972.118@e3 | |
| 沙拉厨房:166道沙拉和109种调味汁/日本柴田书店编/张洋译.-北京:中国轻工业出版社,2019 |
| 191页:彩图,彩照;26cm |
| ISBN 978-7-5184-2324-8:CNY78.00 |
| 本书介绍的沙拉,分为冷沙拉(适合常温或是冷藏后食用)和温沙拉(适合加热食用)两部分,每一部分又按照叶类蔬菜、果实类蔬菜、根茎类蔬菜、肉类以及海鲜等食材分类。 |
| ● |
| 相关链接 |
|
|
|
正题名:沙拉厨房
索取号:TS972.118/3
 
预约/预借
| 序号 | 登录号 | 条形码 | 馆藏地/架位号 | 状态 | 备注 |
| 1 | 2000926643 | 2000926643 | 第四书库/四28架A面1层3列/ [索取号:TS972.118/3] | 在馆 | |
| 2 | 2000926644 | 2000926644 | 第四书库/四28架A面1层3列/ [索取号:TS972.118/3] | 在馆 | |
| 3 | 2000926645 | 2000926645 | 第四书库/四28架A面1层3列/ [索取号:TS972.118/3] | 在馆 | |
| 4 | 2000926646 | 2000926646 | 第四书库/四28架A面1层3列/ [索取号:TS972.118/3] | 在馆 | |
| 5 | 2000926647 | 2000926647 | 第四书库/四28架A面1层3列/ [索取号:TS972.118/3] | 在馆 | |
| 6 | 2000926648 | 2000926648 | 第四书库/四28架A面1层3列/ [索取号:TS972.118/3] | 在馆 |